000 00746nam a22001937a 4500
005 20180219153804.0
010 _aB-689591
020 _c70.00
035 _aB-689591
037 _adpl
_bKKP
082 _a344
245 _aThe Delhi police act, 1978 :
_b(34 of 1978) with short notes /
260 _aDelhi
_bUniversal Law Publishing
_c2015
270 _aLexisNexis, 14th Floor, Building No.10, DLF Cyber City, Phase-II
_bGurgaon
_e122002
300 _av,55p.
_c25cm(pbk)
505 _a(Rashtrapati Bhawan)
942 _2ddc
_cEN
_mDEL
_h344
999 _c150036
_d150036